00390 2200157 4500001002100000008004100021035002000062245003200082100000800114260003200122300002200154020002200176084001400198082000800212990001200220INLIS000000000002770 IND  a0010-0925000117 aHarapan Dalam KenangancJee aJee aJakartabRumah Oranyec2014 a240c(13 x 19 cm) a978-602-1588-46-8 a813 JEE c a813 a0754992